Simultánní šestijazyčný Euro-slovník česky - anglicky - francouzsky - španělsky - italsky - německy

Salvato in:
Dettagli Bibliografici
Natura: Libro
Lingua:ceco
inglese
francese
spagnolo
italiano
tedesco
Pubblicazione: Praha Kadel 1993
Tags: Aggiungi Tag
Nessun Tag, puoi essere il primo ad aggiungerne!!

MARC

LEADER 00000nam a2200000 4500
001 c003142
005 20250728080917.1
020 |a 80-85393-23-9 
041 0 |a cze 
041 0 |a eng 
041 0 |a fre 
041 0 |a spa 
041 0 |a ita 
041 0 |a ger 
044 |a CZ 
245 1 0 |a Simultánní šestijazyčný Euro-slovník  |b česky - anglicky - francouzsky - španělsky - italsky - německy 
264 1 |a Praha  |b Kadel  |c 1993 
300 |a 511 s.